Honkai star-rail banners - Statistics

General Stats
  • This quiz has been taken 690 times
    2 since last reset
  • The average score is 75 of 127
Answer Stats
Version Name Phase N. Rerun Answer % Correct
2.1 Words of Yore 1st phase NEW Acheron
100%
2.1 Gilded Imprisonment 2nd phase NEW Aventurine
100%
2.0 Ripples in Reflection 1st phase NEW Black Swan
100%
4.0 Ripples in Reflection 1st phase 2nd rerun Black Swan
100%
1.2 A Lost Soul 1st phase NEW Blade
100%
1.6 A Lost Soul 1st phase 1st rerun Blade
100%
2.3 Firefull Flyshine 1st phase NEW Firefly
100%
2.7 Firefull Flyshine 2nd phase 1st rerun Firefly
100%
3.4 Firefull Flyshine 2nd phase 2nd rerun Firefly
100%
1.3 Foreseen, Foreknown, Foretold 2nd phase NEW Fu Xuan
100%
2.2 Foreseen, Foreknown, Foretold 1st phase 1st rerun Fu Xuan
100%
1.5 Bloom in Gloom 1st phase NEW Huohuo
100%
1.4 Gentle Eclipse of the Moon 1st phase NEW Jingliu
100%
2.1 Gentle Eclipse of the Moon 2nd phase 1st rerun Jingliu
100%
1.0 Swirl of Heavenly Spear 2nd phase NEW Jing Yuan
100%
2.0 Swirl of Heavenly Spear 2nd phase 1st rerun Jing Yuan
100%
1.2 Nessun Dorma 2nd phase NEW Kafka
100%
1.6 Nessun Dorma 2nd phase 1st rerun Kafka
100%
1.1 Laic Pursuit 2nd phase NEW Luocha
100%
2.2 Just Intonation 1st phase NEW Robin
100%
1.6 Floral Triptych 1st phase NEW Ruan Mei
100%
2.3 Floral Triptych 1st phase 1st rerun Ruan Mei
100%
1.0 Butterfly on Swordtip 1st phase NEW Seele
100%
1.4 Butterfly on Swordtip 2nd phase 1st rerun Seele
100%
1.1 Contract Zero 1st phase NEW Silver Wolf
100%
1.5 Contract Zero 2nd phase 1st rerun Silver Wolf
100%
2.0 Sparkling Splendor 2nd phase NEW Sparkle
100%
2.7 Eyes to the Stars 1st phase NEW Sunday
100%
2.6 Words of Yore 2nd phase 1st rerun Acheron
50%
3.2 Words of Yore 1st phase 2nd rerun Acheron
50%
3.0 Tailored Fate 2nd phase NEW Aglaea
50%
3.3 Tailored Fate 2nd phase 1st rerun Aglaea
50%
3.8 Tailored Fate 3rd phase 2nd rerun Aglaea
50%
3.2 The Universe in a Seed 2nd phase NEW Anaxa
50%
3.6 The Universe in a Seed 2nd phase 1st rerun Anaxa
50%
3.4 I Am the Bone of My Sword Collab NEW Archer
50%
1.5 Thorns of Scented Crown 2nd phase NEW Argenti
50%
2.3 Thorns of Scented Crown 2nd phase 1st rerun Argenti
50%
4.1 A Hunt Through Night Both phases NEW Ashveil
50%
2.6 Gilded Imprisonment 2nd phase 1st rerun Aventurine
50%
2.5 Ripples in Reflection 1st phase 1st rerun Black Swan
50%
3.4 A Lost Soul 2nd phase 2nd rerun Blade
50%
2.2 Dusty Trail's Lone Star 1st phase NEW Boothill
50%
3.0 Dusty Trail's Lone Star 2nd phase 1st rerun Boothill
50%
4.1 Dusty Trail's Lone Star 2nd phase 2nd rerun Boothill
50%
3.2 Blossom to Beyond 1st phase NEW Castorice
50%
3.7 Blossom to Beyond 1st phase 1st rerun Castorice
50%
4.2 Blossom to Beyond 1st phase 2nd rerun Castorice
50%
3.5 The Iron Tamer of Tides 2nd phase NEW Cerydra
50%
4.0 The Iron Tamer of Tides 2nd phase 1st rerun Cerydra
50%
3.3 Slick and Speedy Steals the Sky 2nd phase NEW Cipher
50%
3.7 Slick and Speedy Steals the Sky 2nd phase 1st rerun Cipher
50%
3.7 Ripples Rejoined Both phases NEW Cyrene
50%
1.3 Epochal Spectrum 1st phase NEW Dan Heng - Imbibitor Lunae
50%
2.0 Epochal Spectrum 1st phase 1st rerun Dan Heng - Imbibitor Lunae
50%
2.6 Epochal Spectrum 1st phase 2nd rerun Dan Heng - Imbibitor Lunae
50%
3.6 Slay Until Evil Ends 2nd phase NEW Dan Heng - Permansor Terrae
50%
1.6 Panta Rhei 2nd phase NEW Dr. Ratio
50%
3.2 Panta Rhei 2nd phase 1st rerun Dr. Ratio
50%
4.2 The Demoiselle in Charge 2nd phase NEW Evanescia
50%
3.6 The Remebrance of None 1st phase NEW Evernight
50%
4.0 The Remebrance of None 1st phase 1st rerun Evernight
50%
2.5 Stormrider's Bolt 1st phase NEW Feixiao
50%
3.0 Stormrider's Bolt 1st phase 1st rerun Feixiao
50%
3.8 Firefull Flyshine 1st phase 3rd rerun Firefly
50%
4.2 Firefull Flyshine 1st phase 4th rerun Firefly
50%
2.7 The Long Voyage Home 2nd phase NEW Fugue
50%
3.2 The Long Voyage Home 1st phase 1st rerun Fugue
50%
3.8 The Long Voyage Home 2nd phase 2nd rerun Fugue
50%
2.4 Bloom in Gloom 1st phase 1st rerun Huohuo
50%
3.1 Bloom in Gloom 2nd phase 2nd rerun Huohuo
50%
3.3 A Rainbow onto Twilight 1st phase NEW Hyacine
50%
3.7 A Rainbow onto Twilight 1st phase 1st rerun Hyacine
50%
4.1 A Rainbow onto Twilight 1st phase 2nd rerun Hyacine
50%
3.5 Winedark Swansong 1st phase NEW Hysilens
50%
4.0 Winedark Swansong 1st phase 1st rerun Hysilens
50%
2.3 Lien of Life, Lease on Fate 2nd phase NEW Jade
50%
3.0 Lien of Life, Lease on Fate 1st phase 1st rerun Jade
50%
2.4 Cauldron Contrivance 2nd phase NEW Jiaoqiu
50%
3.2 Cauldron Contrivance 1st phase 1st rerun Jiaoqiu
50%
3.4 Gentle Eclipse of the Moon 2nd phase 2nd rerun Jingliu
50%
2.7 Swirl of Heavenly Spear 1st phase 2nd rerun Jing Yuan
50%
2.5 Nessun Dorma 1st phase 2nd rerun Kafka
50%
3.5 Nessun Dorma 1st phase 3rd rerun Kafka
50%
2.5 Let Scent Sink 2nd phase NEW Lingsha
50%
3.0 Let Scent Sink 1st phase 1st rerun Lingsha
50%
3.8 Let Scent Sink 2nd phase 2nd rerun Lingsha
50%
2.1 Laic Pursuit 1st phase 1st rerun Luocha
50%
3.1 Fiery Lionheart 2nd phase NEW Mydei
50%
3.7 Fiery Lionheart 2nd phase 1st rerun Mydei
50%
3.4 To Evermore Burn as the Sun 1st phase NEW Phainon
50%
3.7 To Evermore Burn as the Sun 2nd phase 1st rerun Phainon
50%
2.6 Eyes of a Ninja 1st phase NEW Rappa
50%
4.0 Eyes of a Ninja 2nd phase 1st rerun Rappa
50%
2.5 Just Intonation 1st phase 1st rerun Robin
50%
3.0 Just Intonation 2nd phase 2nd rerun Robin
50%
3.4 Excalibur Excelsior Collab NEW Saber
50%
3.0 Contract Zero 2nd phase 2nd rerun Silver Wolf
50%
3.5 Contract Zero 2nd phase 3rd rerun Silver Wolf
50%
4.2 Godmode Player 1st phase NEW Silver Wolf LV.999
50%
2.4 Sparkling Splendor 2nd phase 1st rerun Sparkle
50%
3.4 Sparkling Splendor 1st phase 2nd rerun Sparkle
50%
4.0 Sparkling Splendor 2nd phase 3rd rerun Sparkle
50%
4.0 Project: Party Time 2nd phase NEW Sparxie
50%
3.4 Eyes to the Stars 1st phase 1st rerun Sunday
50%
3.8 Eyes to the Stars 3rd phase 2nd rerun Sunday
50%
4.2 Eyes to the Stars 2nd phase 3rd rerun Sunday
50%
3.8 Dance in Flame 1st phase NEW The Dahlia
50%
4.2 Dance in Flame 1st phase 1st rerun The Dahlia
50%
3.0 Message From Beyond 1st phase NEW The Herta
50%
3.3 Message From Beyond 1st phase 1st rerun The Herta
50%
3.6 Message From Beyond 1st phase 2nd rerun The Herta
50%
1.4 Sunset Clause 2nd phase NEW Topaz & Numby
50%
2.2 Sunset Clause 1st phase 1st rerun Topaz & Numby
50%
2.5 Sunset Clause 2nd phase 2nd rerun Topaz & Numby
50%
3.1 Back to Fons et Origo 1st phase NEW Tribbie
50%
3.4 Back to Fons et Origo 1st phase 1st rerun Tribbie
50%
3.7 Back to Fons et Origo 1st phase 2nd rerun Tribbie
50%
4.2 Back to Fons et Origo 2nd phase 3rd rerun Tribbie
50%
4.0 Gleam of a Thousand Plumes Both phases NEW Yao Guang
50%
2.4 Earth Hurled, Ether Curled 1st phase NEW Yunli
50%
3.1 Earth Hurled, Ether Curled 1st phase 1st rerun Yunli
50%
4.3 Ripples Rejoined 2nd phase 1st rerun Cyrene
0%
4.2 Stormrider's Bolt 2nd phase 2nd rerun Feixiao
0%
4.3 Now I Am Become Blade 1st phase NEW Mortenax Blade
0%
4.3 To Evermore Burn as the Sun 2nd phase 2nd rerun Phainon
0%
4.3 Gleam of a Thousand Plumes 1st phase 1st rerun Yao Guang
0%
No matching quizzes found
Score Distribution
Percent of People with Each Score
Percentile by Number Answered
Your Score History
You have not taken this quiz since the last reset